Finding your voice in radio, audio, and podcast production (Record no. 30066)

MARC details
000 -LEADER
fixed length control field 00520nam a2200181Ia 4500
020 ## - INTERNATIONAL STANDARD BOOK NUMBER
ISBN 9781032204765
050 ## - CALL MARK
Classification number PN 1991.7 .Q53/
100 ## - STATEMENT OF RESPONSIBILITY--MAIN AUTHOR NAME
Personal name Quicke, Robert
245 #0 - TITLE STATEMENT
Title Finding your voice in radio, audio, and podcast production
260 ## - PUBLICATION, DISTRIBUTION, ETC. (IMPRINT)
Place of publication New York
260 ## - PUBLICATION, DISTRIBUTION, ETC. (IMPRINT)
Name of publisher Routledge
260 ## - PUBLICATION, DISTRIBUTION, ETC. (IMPRINT)
Year of publication 2024
300 ## - PHYSICAL DESCRIPTION
Number of Pages 293 p
650 ## - SUBJECT ADDED ENTRY--TOPICAL TERM
Topical Term Radio authorship. Podcasting. Self-actualization (Psychology) Expression (Philosophy)
942 ## - ADDED ENTRY ELEMENTS (KOHA)
Koha item type Books
Holdings
Withdrawn status Lost status Source of classification or shelving scheme Damaged status Not for loan Permanent Location Current Location Shelving location Date acquired Accession Number Price effective from Koha item type
    Library of Congress Classification     NILE UNIVERSITY OF NIGERIA - MAIN LIBRARY NILE UNIVERSITY OF NIGERIA - MAIN LIBRARY Items on shelf 04/23/2025 0196782 04/23/2025 Books